[Event "Champions Challenge 106th"]
[Site "Playchess.com INT"]
[Date "2005.08.06"]
[Round "1.2"]
[White "Bodler, Markus"]
[Black "Postny, Evgeny"]
[Result "0-1"]
[WhiteElo "1987"]
[BlackElo "2559"]
[PlyCount "56"]
[EventDate "2005.08.06"]
[EventType "k.o. (blitz)"]
[EventRounds "5"]
[EventCountry "GER"]
[SourceTitle "EXT 2007"]
[Source "ChessBase"]
[SourceDate "2006.11.23"]
[SourceVersion "1"]
[SourceVersionDate "2006.11.23"]
[SourceQuality "1"]

1. e4 c5 2. Nc3 d6 3. g3 Nc6 4. Bg2 g6 5. f4 Bg7 6. Nf3 e6 7. 0-0 Nge7 8. d3 0-0 9. Be3 Rb8 10. Rb1 b5 11. Kh1 b4 12. Ne2 Qa5 13. f5 exf5 14. Nf4 Qxa2 15. Nd5 Nxd5 16. exd5 Ne5 17. Nxe5 Bxe5 18. d4 cxd4 19. Bxd4 Qc4 20. Bxa7 Ra8 21. Be3 Ba6 22. Re1 Rac8 23. Bf1 Qe4+ 24. Bg2 Qxc2 25. Ra1 Bd3 26. Bh6 Rfe8 27. Rxe5 Rxe5 28. Qg1 Be4 0-1

[Event "Regionalliga SW 9495"]
[Site "Bayern"]
[Date "1994.??.??"]
[Round "?.8"]
[White "Bodler, Markus"]
[Black "Huber, Ernst"]
[Result "1/2-1/2"]
[WhiteElo "1635"]
[BlackElo "2020"]
[PlyCount "83"]
[EventDate "1994.10.??"]
[EventType "team-tourn"]
[EventRounds "9"]
[EventCountry "GER"]
[SourceTitle "EXT 1999"]
[Source "ChessBase"]
[SourceDate "1998.11.16"]
[SourceVersion "1"]
[SourceVersionDate "1998.11.16"]
[SourceQuality "1"]
[WhiteTeam "Sonthofen"]
[BlackTeam "Augsburg SG 1873"]
[WhiteTeamCountry "GER"]
[BlackTeamCountry "GER"]

1. d4 Nf6 2. Nf3 g6 3. Bf4 d6 4. h3 Bg7 5. e3 Nbd7 6. Be2 c6 7. c4 0-0 8. 0-0 Re8 9. Bh2 Qb6 10. Qb3 Qa5 11. Qc3 Qxc3 12. Nxc3 e5 13. Rac1 a6 14. b4 b6 15. Rfd1 Bf8 16. a4 Bb7 17. b5 axb5 18. axb5 cxb5 19. Nxb5 Ra2 20. Nc3 Ra5 21. dxe5 dxe5 22. Nd5 Nxd5 23. cxd5 Bd6 24. Nd2 Bb8 25. e4 f6 26. f3 Kg7 27. Bf1 f5 28. Bg3 Bd6 29. Bf2 Bc5 30. Bxc5 bxc5 31. Nc4 Ra7 32. Nd6 Rf8 33. Ra1 Rfa8 34. Rxa7 Rxa7 35. exf5 gxf5 36. Nxf5+ Kf6 37. Nd6 Ba8 38. Ne4+ Ke7 39. Bb5 Ra5 40. Bc6 c4 41. Rb1 Bxc6 42. dxc6 1/2-1/2